| 000 | 00380nam a22001457a 4500 | ||
|---|---|---|---|
| 003 | OSt | ||
| 005 | 20240403162522.0 | ||
| 008 | 240403b |||||||| |||| 00| 0 eng d | ||
| 040 | _cCentral Library MRSPTU | ||
| 100 | _aDinesh Chander Kapoor | ||
| 245 | _aLearn French in Two Months | ||
| 260 |
_aAmritsar _bAjanta School of Foreign Languages |
||
| 300 | _a380 | ||
| 942 |
_2ddc _cBK _n0 |
||
| 999 |
_c9978 _d9978 |
||